| 000 | 00487nam a22001937a 4500 | ||
|---|---|---|---|
| 003 | MPLRDC | ||
| 005 | 20220104161056.0 | ||
| 008 | 210129b ||||| |||| 00| 0 eng d | ||
| 020 | _a957-0316-69-1 | ||
| 082 | _a192.5 SHA | ||
| 100 | _aGEORGE SHAFFNER | ||
| 245 |
_a加减生活 _c李筠译 |
||
| 250 | _a初版一刷 | ||
| 260 |
_a台湾 _b大块文化出版股份有限公司 _c2001 |
||
| 300 | _b平 | ||
| 490 | _aSMILE. 38 | ||
| 650 | _a简化生活 | ||
| 942 |
_cBK _o192.5 SHA |
||
| 999 |
_c55306 _d55296 |
||